| 000 | nam a22 a 4500 | ||
|---|---|---|---|
| 999 |
_c391277 _d391277 |
||
| 003 | BLK | ||
| 005 | 20201105092611.0 | ||
| 008 | 200310b bul|||||r ||||||| ||bul|| | ||
| 010 | _aKNG00028830RET | ||
| 040 | _aBLK | ||
| 041 |
_aFRE _cFRE |
||
| 080 |
_aБелгийска литература _b821.133.1(493) _z821.133.1(493) |
||
| 100 |
_aConscience, Henri _eпърви автор _9435925 |
||
| 139 | _aConscience, Henri | ||
| 245 | 1 | 0 |
_aLe Martyre Une Mere _cHenri Conscience. |
| 257 | _aFRA | ||
| 260 |
_aParis _c1882 _9211784 _bCalmann-Levy |
||
| 300 |
_a303 с. _c19 см |
||
| 380 | _aX | ||
| 490 |
_aКолекция Редки и ценни издания _9435080 |
||
| 852 |
_aРф 882 _bРц |
||
| 942 |
_cKNG _n0 _s1 |
||
| 944 |
_aCR _c2020-11-05 _kРенета Константинова |
||
| 999 | _d391275 | ||